[Event "chess.com Junior Speed"]
[Site "chess.com INT"]
[Date "2019.07.18"]
[Round "3.16"]
[White "Xiong, Jeffery"]
[Black "Maghsoodloo, Parham"]
[Result "1-0"]
[WhiteTitle "GM"]
[BlackTitle "GM"]
[WhiteElo "2679"]
[BlackElo "2671"]
[WhiteFideId "2047640"]
[BlackFideId "12539929"]
[EventDate "2019.05.16"]

1. d4 f5 2. Bg5 h6 3. Bh4 g5 4. e3 Nf6 5. Bg3 d6 6. Nc3 e6 7. Bc4 Qe7 8. Nge2
Nbd7 9. f3 Nb6 10. Bb3 Bd7 11. e4 Bg7 12. Qd3 O-O-O 13. a4 a5 14. O-O-O Kb8 15.
Rhe1 Rhe8 16. exf5 exf5 17. Nf4 Ne4 18. Nfd5 Nxd5 19. Nxd5 Qf8 20. fxe4 fxe4 21.
Qc3 c6 22. Rf1 1-0

[Event "chess.com Junior Speed"]
[Site "chess.com INT"]
[Date "2019.07.18"]
[Round "3.17"]
[White "Maghsoodloo, Parham"]
[Black "Xiong, Jeffery"]
[Result "1-0"]
[WhiteTitle "GM"]
[BlackTitle "GM"]
[WhiteElo "2671"]
[BlackElo "2679"]
[WhiteFideId "12539929"]
[BlackFideId "2047640"]
[EventDate "2019.05.16"]

1. Nf3 c5 2. c4 Nc6 3. b3 Nf6 4. Bb2 d5 5. cxd5 Nxd5 6. Nc3 e5 7. e3 Nc7 8. Rc1
Be7 9. Na4 e4 10. Ne5 Nxe5 11. Bxe5 Ne6 12. Bc4 O-O 13. O-O b6 14. Nc3 f5 15. d3
exd3 16. Qf3 Bd7 17. Rcd1 Qe8 18. Rxd3 Kh8 19. Rfd1 Bc6 20. Qg3 Bf6 21. Rd6 f4
22. exf4 Bxe5 23. Rxe6 Bxf4 24. Rxe8 Raxe8 25. Qg4 Be5 26. Bd5 1-0

[Event "chess.com Junior Speed"]
[Site "chess.com INT"]
[Date "2019.07.18"]
[Round "3.18"]
[White "Xiong, Jeffery"]
[Black "Maghsoodloo, Parham"]
[Result "1/2-1/2"]
[WhiteTitle "GM"]
[BlackTitle "GM"]
[WhiteElo "2679"]
[BlackElo "2671"]
[WhiteFideId "2047640"]
[BlackFideId "12539929"]
[EventDate "2019.05.16"]

1. d4 f5 2. Bg5 h6 3. Bh4 g5 4. e3 Nf6 5. Bg3 d6 6. Nc3 e6 7. Bc4 Qe7 8. Nge2
Bd7 9. f3 Nc6 10. Qd2 O-O-O 11. O-O-O Kb8 12. e4 fxe4 13. fxe4 Bg7 14. h4 Nh5
15. Bf2 Bf6 16. hxg5 Bxg5 17. Be3 Ng7 18. Nf4 Qe8 19. Nfe2 Qe7 20. Rdf1 b6 21.
a3 Na5 22. Bd3 c5 23. dxc5 dxc5 24. Bf4+ Kb7 25. Bxg5 hxg5 26. Rxh8 Rxh8 27. Bb5
Nc6 28. Rd1 Be8 29. Qe3 Ne5 30. Qg3 Qf6 31. Bxe8 Nxe8 32. Nb5 a6 33. Nbc3 Rf8
34. a4 Nc7 35. Qe3 Nc4 36. Qd3 Ne5 37. Qd6 Ne8 38. Qd2 Qe7 39. Rh1 Nc7 40. Qe3
Nc4 41. Qd3 Ne5 42. Qg3 Qf6 43. b3 Ne8 44. Rh7+ Rf7 45. Rxf7+ Nxf7 46. Qe3 Ned6
47. Ng3 Qf4 48. Qxf4 gxf4 49. Nh5 e5 50. Kd2 Ng5 51. Kd3 b5 52. axb5 axb5 53.
Nf6 Kc6 54. Ng4 c4+ 55. bxc4 bxc4+ 56. Ke2 Ndf7 57. Nf6 Kc5 58. Kd2 Nd6 59. Nd7+
Kd4 60. Ne2+ Kxe4 61. Nc3+ Kf5 62. Ke2 Ne6 63. Nd5 Nd4+ 64. Kd1 Ne4 65. N7b6 Ke6
66. Nb4 c3 67. Nd3 Nf5 68. Nc4 Kd5 69. Ncxe5 Ne3+ 70. Ke2 Nxc2 71. Nf3 Nd4+ 72.
Nxd4 Kxd4 73. Nxf4 c2 74. Nd3 Kc3 75. Nc1 Ng3+ 76. Ke3 Nf1+ 77. Ke2 Nd2 78. Ke3
Nb3 79. Ne2+ Kb2 80. g4 Nc5 81. g5 Ne6 82. g6 Ng7 83. Kd2 Nf5 84. Nc1 Ng7 85.
Nd3+ Kb1 86. Nc1 Nf5 87. Nd3 Nd6 88. g7 Ne4+ 89. Ke3 Nf6 90. Kd2 Ng8 91. Nc1 Nh6
92. Nd3 Ng8 93. Ke3 Nf6 94. Kd2 Ng8 1/2-1/2

[Event "chess.com Junior Speed"]
[Site "chess.com INT"]
[Date "2019.07.18"]
[Round "3.19"]
[White "Maghsoodloo, Parham"]
[Black "Xiong, Jeffery"]
[Result "0-1"]
[WhiteTitle "GM"]
[BlackTitle "GM"]
[WhiteElo "2671"]
[BlackElo "2679"]
[WhiteFideId "12539929"]
[BlackFideId "2047640"]
[EventDate "2019.05.16"]

1. Nf3 c5 2. c4 g6 3. Nc3 Bg7 4. g3 Nc6 5. Bg2 d6 6. O-O e6 7. a3 Nge7 8. b4 O-O
9. Rb1 b6 10. Bb2 cxb4 11. axb4 Nxb4 12. d4 Ba6 13. Qa4 Bxc4 14. Qxb4 d5 15. Ne5
Bxe5 16. dxe5 Nc6 17. Qa4 Nd4 18. Qd1 Nc6 19. Re1 b5 20. Ba3 Qa5 21. Bxf8 Rxf8
22. Qd2 Nxe5 23. Red1 b4 24. Nxd5 exd5 25. Bxd5 Rd8 26. Qxb4 Rxd5 27. Qxa5 Rxa5
28. Rd2 a6 29. Kg2 Be6 30. h3 h5 31. f4 Nc4 32. Rd3 Bf5 33. Rb8+ Kg7 34. Rc3 Nd6
35. Kf3 Bxh3 36. e4 Bg4+ 37. Ke3 Ra4 38. e5 Nf5+ 39. Kf2 Ra2+ 40. Ke1 Nd4 41.
Rd3 Re2+ 42. Kf1 Bh3+ 43. Kg1 Rg2+ 44. Kh1 Nf5 45. Rbb3 a5 46. Ra3 a4 47. Rdc3
Rb2 48. Kg1 Rg2+ 49. Kh1 Rb2 50. Rd3 Bg2+ 51. Kg1 Be4 52. Rdc3 Rg2+ 53. Kf1 h4
54. gxh4 Rg4 55. Rxa4 Rxf4+ 56. Ke1 Rxh4 57. Rcc4 Rh1+ 58. Kf2 Bd5 59. Rc5 Rh2+
60. Kg1 Rg2+ 61. Kf1 Ne3+ 62. Ke1 Bf3 63. Rf4 Re2# 0-1

[Event "chess.com Junior Speed"]
[Site "chess.com INT"]
[Date "2019.07.18"]
[Round "3.20"]
[White "Xiong, Jeffery"]
[Black "Maghsoodloo, Parham"]
[Result "1-0"]
[WhiteTitle "GM"]
[BlackTitle "GM"]
[WhiteElo "2679"]
[BlackElo "2671"]
[WhiteFideId "2047640"]
[BlackFideId "12539929"]
[EventDate "2019.05.16"]

1. d4 f5 2. Bg5 h6 3. Bh4 g5 4. e3 Nf6 5. Bg3 d6 6. Nc3 e6 7. Bc4 Qe7 8. Nge2
Bd7 9. f3 Nc6 10. Qd2 O-O-O 11. O-O-O Bg7 12. e4 Kb8 13. Kb1 Rhe8 14. Rde1 Qf8
15. h4 f4 16. Bf2 b6 17. a3 Ne7 18. Ba6 Ng6 19. hxg5 hxg5 20. Qd3 e5 21. d5 g4
22. Na2 g3 23. Bg1 Ne7 24. Nb4 Qf7 25. Bb5 Bxb5 26. Qxb5 Rh8 27. Rxh8 Rxh8 28.
Nc3 Qe8 29. Qc4 Qc8 30. Nb5 Ne8 31. a4 a5 32. Nd3 Ng6 33. b4 Qa6 34. Kb2 Ne7 35.
Rb1 Rh1 36. Ra1 Kb7 37. bxa5 Qxa5 38. Bxb6 Qxb6 39. Rxh1 Nc8 40. Rh7 Qa5 41.
Qc6+ Kb8 42. Qxe8 Qxa4 43. Rxg7 1-0

[Event "chess.com Junior Speed"]
[Site "chess.com INT"]
[Date "2019.07.18"]
[Round "3.21"]
[White "Maghsoodloo, Parham"]
[Black "Xiong, Jeffery"]
[Result "0-1"]
[WhiteTitle "GM"]
[BlackTitle "GM"]
[WhiteElo "2671"]
[BlackElo "2679"]
[WhiteFideId "12539929"]
[BlackFideId "2047640"]
[EventDate "2019.05.16"]

1. e4 g6 2. d4 Bg7 3. Nf3 d6 4. Bc4 e6 5. O-O Ne7 6. Re1 a6 7. a4 b6 8. Bb3 Bb7
9. h3 O-O 10. c3 Nd7 11. Bg5 h6 12. Bh4 g5 13. Bg3 Ng6 14. Nbd2 Qe7 15. Qc2 Rae8
16. Rad1 Kh7 17. Bc4 Qd8 18. Bd3 Qa8 19. e5 dxe5 20. dxe5 Nc5 21. Bf1 Bc6 22.
Ra1 Rd8 23. b4 Nd7 24. Bd3 Rfe8 25. h4 gxh4 26. Nxh4 Nf8 27. Ndf3 Kg8 28. Be4
Bxe4 29. Rxe4 Qd5 30. Rae1 Qd3 31. Qc1 Rd7 32. Nd4 c5 33. bxc5 bxc5 34. Nb3 Qd5
35. c4 Qc6 36. Qe3 Red8 37. Qxc5 Qxa4 38. R4e3 Rd1 39. Qa5 Qxc4 40. Nf3 Rxe1+
41. Qxe1 Rd3 42. Nbd2 Qb5 43. Ne4 Rxe3 44. Qxe3 Nxe5 45. Nxe5 Bxe5 46. Kh2 Bxg3+
47. Qxg3+ Ng6 48. Nf6+ Kg7 49. Ne4 Qe5 50. Qxe5+ Nxe5 0-1

[Event "chess.com Junior Speed"]
[Site "chess.com INT"]
[Date "2019.07.18"]
[Round "3.22"]
[White "Xiong, Jeffery"]
[Black "Maghsoodloo, Parham"]
[Result "0-1"]
[WhiteTitle "GM"]
[BlackTitle "GM"]
[WhiteElo "2679"]
[BlackElo "2671"]
[WhiteFideId "2047640"]
[BlackFideId "12539929"]
[EventDate "2019.05.16"]

1. d4 f5 2. Bg5 g6 3. Nc3 Bg7 4. h4 c5 5. e3 Nc6 6. Nf3 Qb6 7. Nd5 Qa5+ 8. c3 e6
9. Nf4 Nf6 10. h5 Ne4 11. hxg6 cxd4 12. Nh5 dxc3 13. Nxg7+ Kf8 14. b4 Qxb4 15.
Qb3 Kxg7 16. Bh6+ Kxg6 17. Ne5+ Kf6 18. Nd3 Qxb3 19. axb3 d6 20. Bf4 e5 21. f3
exf4 22. fxe4 fxe3 23. Rh6+ Ke7 24. Nf4 Nb4 25. Ra4 a5 26. Rxb4 axb4 27. Nd5+
Kf7 28. Bc4 Kg7 29. Rh3 f4 30. Rh5 Ra1+ 31. Ke2 Bg4+ 32. Kd3 Rd1+ 33. Kc2 Rd2+
34. Kb1 Ra8 35. Rg5+ Kh6 36. Nxc3 bxc3 37. Ra5 Rxa5 38. b4 Rb2+ 0-1

[Event "chess.com Junior Speed"]
[Site "chess.com INT"]
[Date "2019.07.18"]
[Round "3.23"]
[White "Maghsoodloo, Parham"]
[Black "Xiong, Jeffery"]
[Result "0-1"]
[WhiteTitle "GM"]
[BlackTitle "GM"]
[WhiteElo "2671"]
[BlackElo "2679"]
[WhiteFideId "12539929"]
[BlackFideId "2047640"]
[EventDate "2019.05.16"]

1. e4 g6 2. h4 Bg7 3. h5 g5 4. d4 h6 5. f4 c5 6. dxc5 gxf4 7. Nc3 Qa5 8. Bxf4
Bxc3+ 9. bxc3 Qxc3+ 10. Bd2 Qg3+ 11. Ke2 Nf6 12. Nf3 Nxe4 13. Be1 Qg7 14. Rh4
Nc3+ 15. Bxc3 Qxc3 16. Rb1 Qxc5 17. Qd2 d6 18. Ke1 Nc6 19. Rb5 Qa3 20. Bc4 Be6
21. Bxe6 fxe6 22. Rxb7 Qxa2 23. Qc3 Ne5 24. Nxe5 dxe5 25. Qxe5 Rf8 26. Rg4 Qa6
27. Rxe7+ Kxe7 28. Qc7+ Ke8 29. Rc4 Rd8 30. g4 Qa1+ 0-1

[Event "chess.com Junior Speed"]
[Site "chess.com INT"]
[Date "2019.07.18"]
[Round "3.24"]
[White "Xiong, Jeffery"]
[Black "Maghsoodloo, Parham"]
[Result "0-1"]
[WhiteTitle "GM"]
[BlackTitle "GM"]
[WhiteElo "2679"]
[BlackElo "2671"]
[WhiteFideId "2047640"]
[BlackFideId "12539929"]
[EventDate "2019.05.16"]

1. Nf3 d5 2. d4 Bg4 3. Bf4 c5 4. c3 Nc6 5. Nbd2 e6 6. e3 Bd6 7. Bxd6 Qxd6 8. Qa4
Bxf3 9. Nxf3 Ne7 10. Bd3 O-O 11. O-O c4 12. Bb1 b5 13. Qc2 f5 14. Qe2 b4 15. Bc2
a5 16. Ba4 Nc8 17. Bxc6 Qxc6 18. Ne5 Qd6 19. f3 Nb6 20. e4 a4 21. exf5 exf5 22.
a3 bxc3 23. bxc3 Rab8 24. Rfb1 Na8 25. Rb4 Rxb4 26. axb4 Nb6 27. b5 f4 28. Nc6
Kf7 29. Ne5+ Kf6 30. Ng4+ Kf7 31. Ne5+ Kg8 32. Nc6 h6 33. Kf2 Ra8 34. Qe5 Qxe5
35. dxe5 a3 36. Ke2 Kf7 37. Kd2 Ke6 38. Nd4+ Kxe5 39. Re1+ Kd6 40. Re6+ Kc7 41.
Rc6+ Kb7 42. Ne6 Na4 43. Rc7+ Kb8 44. Rd7 a2 45. Rd8+ Kb7 46. Rd7+ Kb6 47. Rd6+
Ka5 48. Nd4 a1=Q 49. Nc6+ Kb6 50. Nd4+ Kc7 0-1

[Event "chess.com Junior Speed"]
[Site "chess.com INT"]
[Date "2019.07.18"]
[Round "3.25"]
[White "Maghsoodloo, Parham"]
[Black "Xiong, Jeffery"]
[Result "0-1"]
[WhiteTitle "GM"]
[BlackTitle "GM"]
[WhiteElo "2671"]
[BlackElo "2679"]
[WhiteFideId "12539929"]
[BlackFideId "2047640"]
[EventDate "2019.05.16"]

1. e4 g6 2. d4 Bg7 3. c3 d6 4. h4 h6 5. f4 Nf6 6. e5 Nd5 7. Be2 c5 8. Bf3 dxe5
9. dxe5 Be6 10. h5 Nc6 11. hxg6 fxg6 12. Ne2 O-O 13. Qd3 g5 14. fxg5 Nxe5 15.
Qe4 Nxf3+ 16. gxf3 Bf5 17. Qh4 h5 18. Qxh5 Qd6 19. Nd2 Ne3 20. Kf2 Ng4+ 21. Kg1
Qd3 22. Kf1 Ne3+ 23. Kf2 Bg4 24. Qh4 Bxf3 25. Nxf3 Rxf3+ 26. Kxf3 Rf8+ 27. Nf4
Nd5+ 28. Kg4 Nxf4 29. Bxf4 e5 30. Raf1 Qf5+ 31. Kg3 exf4+ 32. Kh2 f3 33. Qc4+
Rf7 34. Re1 Be5+ 35. Rxe5 Qxe5+ 36. Kh3 Qxg5 0-1